[Event "FRA-ch op"]
[White "Daspres, Loic"]
[Black "Vasilescu, Victor"]
[Site "Nimes"]
[Round "3"]
[Result "0-1"]
[Date "2014.08.21"]
[WhiteElo "2179"]
[BlackElo "2142"]
[PlyCount "64"]
[EventDate "2014.08.17"]
[EventType "swiss"]
[EventRounds "11"]
[EventCountry "FRA"]
[SourceTitle "EXT 2015"]
[Source "ChessBase"]
[SourceDate "2014.11.20"]
[SourceVersion "1"]
[SourceVersionDate "2014.11.20"]
[SourceQuality "1"]

1. e4 g6 2. d4 Bg7 3. Nc3 d6 4. f4 a6 5. Nf3 b5 6. Bd3 Nd7 7. a4 b4 8. Ne2 c5 9. c3 bxc3 10. bxc3 Qc7 11. 0-0 Bb7 12. Ng3 Nh6 13. e5 0-0 14. a5 Bd5 15. Qe2 Rfb8 16. Ne4 cxd4 17. cxd4 Nf5 18. Bd2 Qa7 19. Qf2 Rb3 20. Bc2 Rb2 21. Bc3 Rxc2 22. Qxc2 Ne3 23. Qe2 Nxf1 24. Rxf1 dxe5 25. fxe5 Rc8 26. Bb4 Nxe5 27. Nxe5 Qxd4+ 28. Nf2 Bxe5 29. Qxa6 Rc2 30. Bxe7 Qf4 31. Ng4 Qxg4 32. g3 Bd4+ 0-1

[Event "Vienna Husek op-A"]
[White "Vasilescu, Victor"]
[Black "Fasser, Walter"]
[Site "Vienna"]
[Round "5"]
[Result "0-1"]
[Date "2012.08.17"]
[WhiteElo "2085"]
[BlackElo "1985"]
[PlyCount "72"]
[EventDate "2012.08.13"]
[EventType "swiss"]
[EventRounds "7"]
[EventCountry "AUT"]
[SourceTitle "EXT 2014"]
[Source "ChessBase"]
[SourceDate "2013.11.20"]
[SourceVersion "1"]
[SourceVersionDate "2013.11.20"]
[SourceQuality "1"]

1. e4 d5 2. exd5 Nf6 3. Nf3 Nxd5 4. d4 Bf5 5. Be2 e6 6. c4 Bb4+ 7. Kf1 Nb6 8. c5 Nd5 9. a3 Ba5 10. b4 Bxb4 11. axb4 Nxb4 12. Qb3 N8c6 13. Be3 0-0 14. Na3 Be4 15. Ne5 a5 16. Nxc6 Bxc6 17. Nc4 b6 18. Ne5 Bd5 19. Bc4 bxc5 20. dxc5 Qf6 21. f4 Rfb8 22. Kf2 Nc6 23. Nd7 Qh4+ 24. g3 Rxb3 25. gxh4 Bxc4 26. Rhb1 f6 27. Rc1 Rb2+ 28. Kg3 Bd5 29. f5 Kf7 30. fxe6+ Bxe6 31. Nb6 cxb6 32. cxb6 Bd5 33. Rc5 Ne7 34. Rc7 Rg2+ 35. Kh3 Rg6 36. Rg1 Be6+ 0-1

[Event "FRA-chT1 0910"]
[White "Heinis, Vincent"]
[Black "Vasilescu, Victor"]
[Site "France"]
[Round "5.7"]
[Result "1-0"]
[Date "2009.11.22"]
[WhiteElo "2134"]
[BlackElo "2150"]
[PlyCount "59"]
[EventDate "2009.09.27"]
[EventType "team-tourn"]
[EventRounds "11"]
[EventCountry "FRA"]
[SourceTitle "EXT 2011"]
[Source "ChessBase"]
[SourceDate "2010.11.26"]
[SourceVersion "1"]
[SourceVersionDate "2010.11.26"]
[SourceQuality "1"]

1. d4 g6 2. c4 Bg7 3. Nc3 d6 4. Nf3 Nc6 5. d5 Ne5 6. Nxe5 Bxe5 7. Qb3 Nf6 8. h3 c6 9. dxc6 bxc6 10. Bh6 Qa5 11. g4 d5 12. Bd2 Qc5 13. Bg2 Rb8 14. Na4 Qd6 15. Qc2 0-0 16. 0-0 Bxg4 17. f4 Bd4+ 18. e3 Bf5 19. Qc1 dxc4 20. exd4 Bd3 21. Rf2 Rb5 22. Nc5 Rfb8 23. Nxd3 cxd3 24. Qxc6 Qxd4 25. Bc3 Qe3 26. Re1 d2 27. Rxe3 d1Q+ 28. Re1 Qd3 29. Rxe7 Nh5 30. Re8+ 1-0

[Event "FRA-chT1 0910"]
[White "Vasilescu, Victor"]
[Black "Vedel, Nicolas"]
[Site "France"]
[Round "4.7"]
[Result "1-0"]
[Date "2009.11.21"]
[WhiteElo "2150"]
[BlackElo "1896"]
[PlyCount "47"]
[EventDate "2009.09.27"]
[EventType "team-tourn"]
[EventRounds "11"]
[EventCountry "FRA"]
[SourceTitle "EXT 2011"]
[Source "ChessBase"]
[SourceDate "2010.11.26"]
[SourceVersion "1"]
[SourceVersionDate "2010.11.26"]
[SourceQuality "1"]

1. e4 c5 2. Nf3 d6 3. d4 cxd4 4. Nxd4 Nf6 5. Nc3 g6 6. Be3 Bg7 7. f3 0-0 8. Qd2 Nc6 9. 0-0-0 Bd7 10. g4 Rc8 11. Kb1 Ne5 12. h4 h5 13. Nd5 Nxd5 14. exd5 hxg4 15. f4 Nf3 16. Nxf3 gxf3 17. Bd3 Bg4 18. Rdg1 f5 19. Qe1 b5 20. Bxa7 Ra8 21. Qe6+ Kh7 22. h5 Rf6 23. hxg6+ Kxg6 24. Rxg4# 1-0

[Event "FRA-chT1 0910"]
[White "Rihouay, Clement"]
[Black "Vasilescu, Victor"]
[Site "France"]
[Round "1.6"]
[Result "1/2-1/2"]
[Date "2009.10.04"]
[WhiteElo "2220"]
[BlackElo "2155"]
[PlyCount "45"]
[EventDate "2009.09.27"]
[EventType "team-tourn"]
[EventRounds "11"]
[EventCountry "FRA"]
[SourceTitle "EXT 2011"]
[Source "ChessBase"]
[SourceDate "2010.11.26"]
[SourceVersion "1"]
[SourceVersionDate "2010.11.26"]
[SourceQuality "1"]

1. e4 c5 2. Nf3 e6 3. d4 cxd4 4. Nxd4 Nc6 5. Nb5 d6 6. Bf4 e5 7. Be3 Nf6 8. Bg5 a6 9. Bxf6 gxf6 10. N5c3 Be6 11. Bd3 Ne7 12. Qf3 Bg7 13. Nd2 Rc8 14. 0-0 Qd7 15. Rfe1 0-0 16. Nf1 f5 17. exf5 Nxf5 18. Bxf5 Bxf5 19. Nd5 Bg4 20. Nf6+ Bxf6 21. Qxf6 Qe6 22. Qh4 Bf5 23. c3 1/2-1/2

[Event "Vienna op 16th"]
[White "Zilverberg, Jasper"]
[Black "Vasilescu, Victor"]
[Site "Vienna"]
[Round "4"]
[Result "1/2-1/2"]
[Date "2009.08.18"]
[WhiteElo "2015"]
[BlackElo "2161"]
[PlyCount "49"]
[EventDate "2009.08.15"]
[EventType "swiss"]
[EventRounds "9"]
[EventCountry "AUT"]
[SourceTitle "CBM 131 Extra"]
[Source "ChessBase"]
[SourceDate "2009.09.03"]
[SourceVersion "2"]
[SourceVersionDate "2009.09.16"]
[SourceQuality "1"]

1. e4 c5 2. Nf3 e6 3. d4 cxd4 4. Nxd4 Nc6 5. Be3 Nf6 6. Nc3 Qc7 7. Be2 a6 8. 0-0 Bb4 9. Nxc6 bxc6 10. Qd4 Bd6 11. f4 e5 12. Qd2 Rb8 13. Rad1 exf4 14. Rxf4 Be5 15. Rf5 Rxb2 16. Rxe5+ Qxe5 17. Bd4 Qe6 18. e5 Ng4 19. Ne4 Rb8 20. Nd6+ Kf8 21. Bc4 Qh6 22. Qa5 Qxh2+ 23. Kf1 g6 24. Qd8+ Kg7 25. Nf5+ 1/2-1/2

[Event "FRA-chT1B 0809"]
[White "Lefebvre, Herve"]
[Black "Vasilescu, Victor"]
[Site "France"]
[Round "6.7"]
[Result "1-0"]
[Date "2009.02.07"]
[WhiteElo "2246"]
[BlackElo "2173"]
[PlyCount "65"]
[EventDate "2008.10.19"]
[EventType "tourn"]
[EventRounds "11"]
[EventCountry "FRA"]
[SourceTitle "EXT 2010"]
[Source "ChessBase"]
[SourceDate "2010.11.25"]
[SourceVersion "1"]
[SourceVersionDate "2010.11.25"]
[SourceQuality "1"]
[WhiteTeam "Gonfreville"]
[BlackTeam "Vincennes"]
[WhiteTeamCountry "FRA"]
[BlackTeamCountry "FRA"]

1. e4 c5 2. Nf3 e6 3. d4 cxd4 4. Nxd4 Nc6 5. Nc3 Qc7 6. g3 a6 7. Bg2 Nf6 8. 0-0 Be7 9. Re1 d6 10. Nxc6 bxc6 11. e5 dxe5 12. Rxe5 0-0 13. Bf4 Qd7 14. Ne4 Bb7 15. Nc5 Qc8 16. c4 Bxc5 17. Rxc5 Nd7 18. Ra5 c5 19. Qb3 Bxg2 20. Kxg2 e5 21. Be3 Qc6+ 22. Kg1 f5 23. Qa3 f4 24. Bxc5 fxg3 25. hxg3 Rf3 26. Be3 Qxc4 27. Qd6 Nf6 28. Rxe5 Qe2 29. Qe6+ Kh8 30. Rc1 Qxb2 31. Qc6 Rxg3+ 32. fxg3 Qxe5 33. Qxa8+ 1-0

[Event "FRA-chT1B 0809"]
[White "Picard, Clement"]
[Black "Vasilescu, Victor"]
[Site "France"]
[Round "2.7"]
[Result "1/2-1/2"]
[Date "2008.11.22"]
[WhiteElo "2152"]
[BlackElo "2173"]
[PlyCount "73"]
[EventDate "2008.10.19"]
[EventType "tourn"]
[EventRounds "11"]
[EventCountry "FRA"]
[SourceTitle "EXT 2010"]
[Source "ChessBase"]
[SourceDate "2010.11.25"]
[SourceVersion "1"]
[SourceVersionDate "2010.11.25"]
[SourceQuality "1"]
[WhiteTeam "Migne Auxances"]
[BlackTeam "Vincennes"]
[WhiteTeamCountry "FRA"]
[BlackTeamCountry "FRA"]

1. e4 c5 2. Nc3 Nc6 3. g3 g6 4. Bg2 Bg7 5. d3 d6 6. Be3 Nf6 7. h3 0-0 8. Qd2 Nd4 9. Nd1 e5 10. c3 Ne6 11. Bh6 d5 12. Bxg7 Nxg7 13. exd5 Nxd5 14. Nf3 f6 15. 0-0 Be6 16. Ne3 Qd7 17. Nxd5 Bxd5 18. Kh2 Rad8 19. Rfd1 Rfe8 20. Qe2 b6 21. Qf1 Qf7 22. b3 Qb7 23. Ne1 Rd6 24. Bxd5+ Qxd5 25. Qe2 Red8 26. Rd2 e4 27. Rad1 exd3 28. Rxd3 Qc6 29. Rxd6 Rxd6 30. Rxd6 Qxd6 31. Nc2 Kf7 32. Ne3 Ne6 33. Qf3 Ng5 34. Qb7+ Qe7 35. Qd5+ Qe6 36. Qb7+ Qe7 37. Qd5+ 1/2-1/2

[Event "Syre Memorial op 31st"]
[White "Vasilescu, Victor"]
[Black "Lalande, Jean Louis"]
[Site "Issy les Moulineaux"]
[Round "4"]
[Result "1-0"]
[Date "2008.05.03"]
[WhiteElo "2169"]
[BlackElo "2086"]
[PlyCount "71"]
[EventDate "2008.05.01"]
[EventType "swiss"]
[EventRounds "6"]
[EventCountry "FRA"]
[SourceTitle "EXT 2010"]
[Source "ChessBase"]
[SourceDate "2010.11.25"]
[SourceVersion "1"]
[SourceVersionDate "2010.11.25"]
[SourceQuality "1"]

1. e4 c5 2. Nf3 Nc6 3. d4 cxd4 4. Nxd4 g6 5. Nc3 Bg7 6. Be3 Nf6 7. Nxc6 bxc6 8. e5 Ng8 9. f4 Nh6 10. Qf3 Rb8 11. 0-0-0 Qa5 12. Bc4 0-0 13. Bb3 d6 14. h3 dxe5 15. g4 Kh8 16. fxe5 Ng8 17. Rhe1 Bxe5 18. Bxa7 Bxc3 19. Qxc3+ Qxc3 20. bxc3 Rb7 21. Bd4+ f6 22. Bc5 Kg7 23. a4 Re8 24. a5 Rb5 25. Bb6 h5 26. Bc4 hxg4 27. Bxb5 cxb5 28. hxg4 Bxg4 29. Rd8 Kf7 30. a6 Rxd8 31. Bxd8 g5 32. Kd2 Bf3 33. Ke3 Ba8 34. Rb1 Bc6 35. Kd4 Ke8 36. Kc5 1-0

[Event "Paris-ch"]
[White "Struk, Jerzy"]
[Black "Vasilescu, Victor"]
[Site "Paris"]
[Round "9"]
[Result "1-0"]
[Date "2005.07.17"]
[WhiteElo "2232"]
[BlackElo "2208"]
[PlyCount "117"]
[EventDate "2005.07.10"]
[EventType "swiss"]
[EventRounds "9"]
[EventCountry "FRA"]
[SourceTitle "CBM 107 Extra"]
[Source "ChessBase"]
[SourceDate "2005.09.01"]
[SourceVersion "1"]
[SourceVersionDate "2005.09.01"]
[SourceQuality "1"]

1. e4 c5 2. Nf3 e6 3. c3 Nf6 4. e5 Nd5 5. d4 cxd4 6. cxd4 b6 7. Nc3 Nxc3 8. bxc3 Qc7 9. Bd2 d6 10. Bb5+ Nd7 11. 0-0 Be7 12. exd6 Bxd6 13. Re1 0-0 14. Bd3 Nf6 15. Bg5 Be7 16. Ne5 Nd5 17. Bxe7 Qxe7 18. Qh5 h6 19. Ng6 fxg6 20. Qxd5 Bd7 21. Bxg6 exd5 22. Rxe7 Rad8 23. Rae1 Rf6 24. Bc2 Rf7 25. R7e5 Bb5 26. Bb3 Rfd7 27. a3 Kf8 28. h4 Rd6 29. R1e3 Be8 30. Re7 R6d7 31. Rxd7 Rxd7 32. Ba4 Re7 33. Rxe7 Kxe7 34. Bxe8 Kxe8 35. Kh2 Kd7 36. Kg3 Ke6 37. Kf4 g6 38. g4 Kf6 39. Ke3 Ke6 40. Kd3 b5 41. Ke3 Kf6 42. Kf4 Ke6 43. Ke3 Kf6 44. Kf3 Ke6 45. Kg3 Kf6 46. f3 Ke6 47. h5 g5 48. f4 gxf4+ 49. Kxf4 Kf6 50. g5+ hxg5+ 51. Kg4 a6 52. h6 Kg6 53. h7 Kxh7 54. Kxg5 Kg7 55. Kf5 Kf7 56. Ke5 Ke7 57. Kxd5 Kd7 58. Kc5 Kc7 59. d5 1-0

[Event "Paris-ch"]
[White "Vasilescu, Victor"]
[Black "Lepan, Marvin"]
[Site "Paris"]
[Round "8"]
[Result "1-0"]
[Date "2005.07.16"]
[WhiteElo "2208"]
[BlackElo "2217"]
[PlyCount "99"]
[EventDate "2005.07.10"]
[EventType "swiss"]
[EventRounds "9"]
[EventCountry "FRA"]
[SourceTitle "CBM 107 Extra"]
[Source "ChessBase"]
[SourceDate "2005.09.01"]
[SourceVersion "1"]
[SourceVersionDate "2005.09.01"]
[SourceQuality "1"]

1. e4 c5 2. Nf3 d6 3. d4 cxd4 4. Nxd4 Nf6 5. Nc3 a6 6. f3 e5 7. Nb3 Be6 8. Be3 Be7 9. Qd2 0-0 10. 0-0-0 b5 11. g4 Nbd7 12. g5 Nh5 13. Kb1 Nb6 14. Nd5 Nxd5 15. exd5 Bd7 16. Na5 Rc8 17. Rg1 Qc7 18. Bd3 b4 19. Qxb4 Rb8 20. Qd2 Bd8 21. Nb3 a5 22. c4 a4 23. Nc1 Kh8 24. Ne2 f5 25. Rc1 f4 26. Bf2 Qb7 27. Nc3 Ba5 28. Qc2 Bxc3 29. Qxc3 Rfc8 30. Rc2 Rc7 31. Qa3 Qc8 32. Qxd6 Rcb7 33. Qxe5 a3 34. b3 Ba4 35. Rc3 Bxb3 36. axb3 Rxb3+ 37. Ka1 Rb2 38. Qe4 Qg8 39. Rc2 R2b3 40. Qd4 a2 41. Rxa2 Ra8 42. Be4 Rb4 43. Bb1 Raa4 44. Rc1 Qa8 45. Qe4 Rxa2+ 46. Bxa2 Rb8 47. c5 Qa3 48. Rc2 Qa6 49. Qc4 Qa5 50. d6 1-0

[Event "Paris-ch"]
[White "Draoui, Najib"]
[Black "Vasilescu, Victor"]
[Site "Paris"]
[Round "1"]
[Result "1-0"]
[Date "2005.07.09"]
[WhiteElo "2374"]
[BlackElo "2208"]
[PlyCount "71"]
[EventDate "2005.07.10"]
[EventType "swiss"]
[EventRounds "9"]
[EventCountry "FRA"]
[SourceTitle "CBM 107 Extra"]
[Source "ChessBase"]
[SourceDate "2005.09.01"]
[SourceVersion "1"]
[SourceVersionDate "2005.09.01"]
[SourceQuality "1"]

1. e4 c5 2. Nf3 e6 3. d4 cxd4 4. Nxd4 Nc6 5. Nc3 a6 6. Be2 Nge7 7. Be3 Nxd4 8. Qxd4 b5 9. 0-0 Nc6 10. Qd2 Be7 11. f4 d6 12. Bf3 0-0 13. Qf2 Bd7 14. Rfd1 Qb8 15. Kh1 Na5 16. e5 d5 17. Bxd5 exd5 18. Nxd5 Bd8 19. Nf6+ Bxf6 20. exf6 Bf5 21. Rd5 Qc8 22. Qg3 g6 23. Qg5 Kh8 24. Rad1 Nc6 25. Bc5 Rg8 26. Qh6 Qe6 27. Rd6 Qe2 28. R6d2 Qe6 29. Bg1 Qe4 30. Rd3 Rae8 31. Re3 Qxe3 32. Bxe3 Rxe3 33. h3 Be4 34. Rd2 Re1+ 35. Kh2 Rc1 36. Re2 1-0

[Event "FRA-chT2 0405"]
[White "Vasilescu, Victor"]
[Black "Lebrun, Xavier"]
[Site "France"]
[Round "5.7"]
[Result "1-0"]
[Date "2005.01.08"]
[WhiteElo "2190"]
[BlackElo "2180"]
[PlyCount "54"]
[EventDate "2004.10.10"]
[EventType "team-tourn"]
[EventRounds "11"]
[EventCountry "FRA"]
[SourceTitle "EXT 2006"]
[Source "ChessBase"]
[SourceDate "2005.11.24"]
[SourceVersion "1"]
[SourceVersionDate "2005.11.24"]
[SourceQuality "1"]
[WhiteTeam "Vincennes"]
[BlackTeam "Bagneux"]
[WhiteTeamCountry "FRA"]
[BlackTeamCountry "FRA"]

1. e4 e5 2. f4 d5 3. exd5 c6 4. Nc3 exf4 5. Nf3 Bd6 6. Bc4 Ne7 7. dxc6 Nbxc6 8. d4 0-0 9. 0-0 Bg4 10. Ne4 Nf5 11. c3 Rc8 12. Qd3 Bb8 13. Nfg5 h6 14. Nxf7 Rxf7 15. Bxf7+ Kxf7 16. Bxf4 Bxf4 17. Rxf4 Kg8 18. Rxg4 Ne5 19. Qe2 Nxg4 20. Qxg4 Ne3 21. Qe6+ Kh8 22. Nd6 Rc7 23. Nf7+ Rxf7 24. Qxf7 Qg5 25. Qe8+ Kh7 26. Qe4+ Kh8 27. Re1 Ng4 1-0

[Event "Vienna op 14th"]
[White "Vasilescu, Victor"]
[Black "Miniboeck, Guenter"]
[Site "Vienna"]
[Round "7"]
[Result "1/2-1/2"]
[Date "2003.08.22"]
[WhiteElo "2176"]
[BlackElo "2334"]
[PlyCount "84"]
[EventDate "2003.08.16"]
[EventType "swiss"]
[EventRounds "9"]
[EventCountry "AUT"]
[SourceTitle "CBM 095 Extra"]
[Source "ChessBase"]
[SourceDate "2003.09.04"]
[SourceVersion "1"]
[SourceVersionDate "2003.09.04"]
[SourceQuality "1"]

1. e4 c5 2. Nf3 d6 3. d4 cxd4 4. Nxd4 Nf6 5. Nc3 a6 6. Be3 e5 7. Nb3 Be6 8. f3 Be7 9. Qd2 0-0 10. 0-0-0 Qc7 11. g4 Rc8 12. Kb1 d5 13. exd5 Nxd5 14. Nxd5 Bxd5 15. Qf2 Be6 16. Bd3 Nd7 17. g5 a5 18. a4 b6 19. h4 Nc5 20. Nxc5 Bxc5 21. h5 Bxe3 22. Qxe3 Bc4 23. Bf5 Rd8 24. Qe4 g6 25. Rxd8+ Rxd8 26. hxg6 fxg6 27. Bxg6 hxg6 28. Qh4 Kf8 29. Qh8+ Bg8 30. Qf6+ Ke8 31. Re1 Kd7 32. Qxg6 Kc8 33. Qf5+ Kb8 34. b3 Rd5 35. g6 Ka7 36. Kb2 Rc5 37. Rd1 Bd5 38. c4 Bc6 39. Qf7 Bxa4 40. bxa4 Rxc4 41. Rd7 Rc2+ 42. Kb1 Rc1+ 1/2-1/2

[Event "Vienna op 14th"]
[White "Dueckstein, Andreas"]
[Black "Vasilescu, Victor"]
[Site "Vienna"]
[Round "6"]
[Result "1/2-1/2"]
[Date "2003.08.21"]
[WhiteElo "2334"]
[BlackElo "2176"]
[PlyCount "99"]
[EventDate "2003.08.16"]
[EventType "swiss"]
[EventRounds "9"]
[EventCountry "AUT"]
[SourceTitle "CBM 095 Extra"]
[Source "ChessBase"]
[SourceDate "2003.09.04"]
[SourceVersion "1"]
[SourceVersionDate "2003.09.04"]
[SourceQuality "1"]

1. e4 c5 2. Nf3 e6 3. d4 cxd4 4. Nxd4 Nc6 5. Nc3 a6 6. g3 Qc7 7. Bg2 Nf6 8. 0-0 Be7 9. Nde2 0-0 10. a4 Rb8 11. h3 b6 12. g4 d6 13. Ng3 Bb7 14. g5 Nd7 15. f4 Rfe8 16. Be3 Bf8 17. Nce2 g6 18. Bf2 Bg7 19. c3 Na5 20. Rc1 Ba8 21. Qd3 b5 22. axb5 Nb3 23. Rcd1 axb5 24. Qxd6 Qxd6 25. Rxd6 Ndc5 26. Rdd1 Na4 27. e5 Bxg2 28. Kxg2 b4 29. Rd7 Nxb2 30. cxb4 Rxb4 31. Rb1 Na4 32. Nc1 Nac5 33. Rc7 Rxf4 34. Nxb3 Nd3 35. Be3 Ra4 36. Rf1 Ra2+ 37. Nd2 Nxe5 38. Nge4 Rd8 39. Rf2 Ra3 40. Bf4 Nd3 41. Nc4 Nxf2 42. Kxf2 Ra4 43. Nf6+ Bxf6 44. gxf6 h5 45. Ke3 Rd5 46. h4 Rf5 47. Bg5 Rb5 48. Rc8+ Kh7 49. Rc7 Kg8 50. Kd4 1/2-1/2

[Event "Vienna op 14th"]
[White "Hoelzl, Franz"]
[Black "Vasilescu, Victor"]
[Site "Vienna"]
[Round "4"]
[Result "1-0"]
[Date "2003.08.19"]
[WhiteElo "2354"]
[BlackElo "2176"]
[PlyCount "65"]
[EventDate "2003.08.16"]
[EventType "swiss"]
[EventRounds "9"]
[EventCountry "AUT"]
[SourceTitle "CBM 095 Extra"]
[Source "ChessBase"]
[SourceDate "2003.09.04"]
[SourceVersion "1"]
[SourceVersionDate "2003.09.04"]
[SourceQuality "1"]

1. d4 g6 2. e4 Bg7 3. Nc3 d6 4. Be3 a6 5. g3 Nf6 6. Bg2 Nc6 7. h3 0-0 8. Nge2 e5 9. 0-0 Bd7 10. dxe5 dxe5 11. Qd2 Qc8 12. Kh2 Re8 13. Rad1 Be6 14. Nd5 Ne7 15. Bg5 Nexd5 16. exd5 Bf5 17. g4 Bd7 18. Ng3 Rb8 19. c4 c5 20. Bxf6 Bxf6 21. Ne4 Be7 22. d6 Bd8 23. Qh6 Re6 24. Rfe1 g5 25. Qh5 Rg6 26. Rd5 b6 27. Rxe5 f6 28. Nxg5 fxg5 29. Re7 Bxe7 30. Rxe7 Rg7 31. Rxg7+ Kxg7 32. Qxg5+ Kf7 33. Qe7+ 1-0

[Event "Vienna op 14th"]
[White "Niklasch, Oliver"]
[Black "Vasilescu, Victor"]
[Site "Vienna"]
[Round "2"]
[Result "1-0"]
[Date "2003.08.17"]
[WhiteElo "2371"]
[BlackElo "2176"]
[PlyCount "147"]
[EventDate "2003.08.16"]
[EventType "swiss"]
[EventRounds "9"]
[EventCountry "AUT"]
[SourceTitle "CBM 095 Extra"]
[Source "ChessBase"]
[SourceDate "2003.09.04"]
[SourceVersion "1"]
[SourceVersionDate "2003.09.04"]
[SourceQuality "1"]

1. d4 g6 2. g3 Bg7 3. c4 d6 4. Bg2 Nf6 5. Nf3 0-0 6. 0-0 Nc6 7. Nc3 a6 8. b3 Rb8 9. e3 b5 10. Qe2 Na5 11. cxb5 axb5 12. b4 Nc6 13. a4 Nxb4 14. axb5 Nfd5 15. Nxd5 Nxd5 16. Bd2 Bd7 17. Rfb1 c6 18. Ba5 Qc8 19. Nd2 Nf6 20. b6 Qb7 21. Qc4 Rfc8 22. Qb3 d5 23. Qb4 e5 24. Nb3 Bf8 25. Nc5 Bxc5 26. dxc5 Bf5 27. Rc1 Re8 28. Qb2 Nd7 29. Qe2 e4 30. Qd2 Ne5 31. Bc3 Nd3 32. Ra7 Qc8 33. Rb1 Bh3 34. Bh1 Qf5 35. Rc7 Rec8 36. Rxc8+ Qxc8 37. f4 Qa6 38. Ra1 Qc4 39. Bd4 Nxc5 40. Rc1 Qd3 41. Qxd3 Nxd3 42. Rxc6 Rc8 43. Rxc8+ Bxc8 44. Bg2 Kf8 45. Bh3 Bb7 46. Bd7 Ke7 47. Bb5 Kd6 48. Kf1 Nb4 49. Be8 Ke6 50. Bc5 Na6 51. Ba3 Nb8 52. g4 f5 53. gxf5+ gxf5 54. Bb2 Ke7 55. Ba4 Na6 56. Kf2 Ke6 57. Kg3 Nc5 58. Bb5 Kf7 59. Kh4 Nd3 60. Bd4 Ne1 61. Kg3 Ke6 62. h3 Nf3 63. Bc3 Kd6 64. Bb4+ Ke6 65. Bc5 d4 66. Bc4+ Kd7 67. exd4 Nd2 68. Bg8 h5 69. d5 Nf3 70. Be6+ Ke8 71. d6 h4+ 72. Kf2 Nd2 73. d7+ Kd8 74. Bd6 1-0

[Event "Paris op-A"]
[White "Vasilescu, Victor"]
[Black "Claisse, Patrick"]
[Site "Paris"]
[Round "1"]
[Result "1-0"]
[Date "2003.??.??"]
[WhiteElo "2176"]
[BlackElo "2000"]
[PlyCount "49"]
[EventDate "2003.07.05"]
[EventType "swiss"]
[EventRounds "9"]
[EventCountry "FRA"]
[SourceTitle "EXT 2005"]
[Source "ChessBase"]
[SourceDate "2004.11.15"]
[SourceVersion "1"]
[SourceVersionDate "2004.11.15"]
[SourceQuality "1"]

1. e4 c5 2. Nf3 d6 3. d4 cxd4 4. Nxd4 Nf6 5. Nc3 Nc6 6. Bc4 e6 7. Be3 Be7 8. Qe2 Bd7 9. 0-0-0 Nxd4 10. Bxd4 a6 11. f4 0-0 12. e5 Ne8 13. f5 dxe5 14. Bxe5 Qc8 15. Qd3 Nf6 16. Bb3 Rd8 17. Qg3 b5 18. Ne4 Ne8 19. f6 Bf8 20. fxg7 Be7 21. Rhf1 Bc6 22. Rxd8 Qxd8 23. Qf4 f6 24. Bxe6+ Kxg7 25. Qg5+ 1-0

[Event "Paris op-A"]
[White "Vasilescu, Victor"]
[Black "Dusserre, Fabrice"]
[Site "Paris"]
[Round "5"]
[Result "1-0"]
[Date "2003.??.??"]
[WhiteElo "2176"]
[BlackElo "2066"]
[PlyCount "47"]
[EventDate "2003.07.05"]
[EventType "swiss"]
[EventRounds "9"]
[EventCountry "FRA"]
[SourceTitle "EXT 2005"]
[Source "ChessBase"]
[SourceDate "2004.11.15"]
[SourceVersion "1"]
[SourceVersionDate "2004.11.15"]
[SourceQuality "1"]

1. e4 c6 2. d4 d5 3. e5 Bf5 4. Nf3 e6 5. Be2 c5 6. Be3 Nd7 7. c4 cxd4 8. Nxd4 Bxb1 9. 0-0 dxc4 10. Rxb1 Nxe5 11. f4 Nd3 12. Qa4+ Qd7 13. Qxc4 Nb4 14. Qb3 a6 15. f5 e5 16. Ne6 Nd5 17. Nxf8 Kxf8 18. Rbd1 Ngf6 19. Bc4 Rd8 20. Bb6 Ke7 21. Rfe1 e4 22. Bxd5 Nxd5 23. Bxd8+ Rxd8 24. Rxe4+ 1-0

[Event "Paris Apsap op 50th"]
[White "Vasilescu, Victor"]
[Black "Lebrun, Xavier"]
[Site "Paris"]
[Round "2"]
[Result "1-0"]
[Date "2002.??.??"]
[WhiteElo "2107"]
[BlackElo "2209"]
[PlyCount "45"]
[EventDate "2002.02.21"]
[EventType "swiss"]
[EventRounds "9"]
[EventCountry "FRA"]
[SourceTitle "EXT 2003"]
[Source "ChessBase"]
[SourceDate "2002.11.25"]
[SourceVersion "1"]
[SourceVersionDate "2002.11.25"]
[SourceQuality "1"]

1. e4 e5 2. f4 exf4 3. Nf3 d6 4. d4 g5 5. h4 g4 6. Ng1 Bh6 7. Nc3 Nf6 8. Qd3 Nc6 9. Nge2 d5 10. Bxf4 dxe4 11. Nxe4 Bxf4 12. Nxf4 Qe7 13. 0-0-0 Nxe4 14. Nd5 Nf2 15. Qd2 Qd6 16. Re1+ Kf8 17. Nxc7 Nxh1 18. Ne8 Qe6 19. Rxe6 Bxe6 20. Nc7 Re8 21. Qh6+ Ke7 22. Nxe6 fxe6 23. Bc4 1-0

[Event "Paris Apsap op 50th"]
[White "Vasilescu, Victor"]
[Black "Schaeffer, Vincent"]
[Site "Paris"]
[Round "7"]
[Result "1-0"]
[Date "2002.??.??"]
[WhiteElo "2107"]
[BlackElo "1730"]
[PlyCount "51"]
[EventDate "2002.02.21"]
[EventType "swiss"]
[EventRounds "9"]
[EventCountry "FRA"]
[SourceTitle "EXT 2003"]
[Source "ChessBase"]
[SourceDate "2002.11.25"]
[SourceVersion "1"]
[SourceVersionDate "2002.11.25"]
[SourceQuality "1"]

1. e4 d5 2. exd5 Qxd5 3. Nc3 Qa5 4. d4 Nf6 5. Nf3 Bf5 6. Bc4 e6 7. 0-0 c6 8. Bf4 Be7 9. h3 h6 10. Qe2 0-0 11. Bb3 Nbd7 12. g4 Nxg4 13. hxg4 Bxg4 14. Qe3 Bxf3 15. Qxf3 Qf5 16. Kg2 Nf6 17. Bg3 Qg6 18. Rfe1 h5 19. Kh1 Ng4 20. Ne2 h4 21. Nf4 Qf5 22. Bh2 Nxh2 23. Kxh2 g5 24. Re5 Qxf4+ 25. Qxf4 gxf4 26. Rg1+ 1-0